[Event "Ch URS"]
[Site "masterchessopen.com – Leningrad (Russia)"]
[Round "0"]
[White "Sakharov Yuri N (RUS)"]
[Black "Gufeld Eduard (USA)"]
[Result "1-0"]
[WhiteElo "2475"]
[BlackElo "2434"]

1.d4 d5 2.c4 c6 3.Nf3 Nf6 4.Nc3 dxc4 5.a4 Na6 6.e3 ( 6.e4 Bg4 7.Bxc4 Bxf3
8.gxf3 e6 { ?/= } ) 6...Bg4 7.Bxc4 e6 8.O-O Be7 9.h3 Bh5 10.Qe2 Nb4 11.Rd1 a5
{ ? } ( 11...O-O 12.g4 Bg6 13.e4 Qa5 { ? } ) 12.g4 Bg6 13.e4 h5 { ?! } 14.g5
Nh7 15.h4 Qc7 16.Ne5 Nf8 17.Bf4 { ± } 17...Bd6 18.Bg3 O-O-O 19.Rac1 Kb8 20.Bb3
{ ! } 20...Qe7 21.d5 { ! } 21...f6 ( 21...exd5 22.exd5 f6 23.dxc6 { ! }
23...Bxe5 ( 23...fxe5 24.Rxd6 { +?? } ) 24.Bxe5+ fxe5 25.Rxd8+ Qxd8 26.Qxe5+
Ka8 ( 26...Qc7 27.Qxc7+ Kxc7 28.Nb5+ { +?? } ) 27.c7 Qc8 28.Nb5 Nc6 29.Rxc6 {
! } 29...bxc6 30.Qc5 Qa6 31.c8=Q+ Qxc8 32.Qa7# ) 22.Nxc6+ bxc6 ( 22...Nxc6
23.dxc6 Bxg3 24.fxg3 Rxd1+ 25.Rxd1 Qc5+ 26.Kg2 bxc6 27.Qa6 Kc7 28.Qa8 { +?? }
) 23.dxc6 Kc8 24.c7 { +?? } 24...Rd7 25.Bxd6 Rxd6 26.Rxd6 Qxd6 27.Nb5 Qb6
28.Qd2 Nc6 29.Rxc6 1-0

[Event "Ch DDR"]
[Site "masterchessopen.com – Aschersleben (Germany)"]
[Round "8"]
[White "Uhlmann Wolfgang (GER)"]
[Black "Neukirch Detlef (GER)"]
[Result "1-0"]
[WhiteElo "2379"]
[BlackElo "2267"]

1.d4 d5 2.Nf3 Nf6 3.c4 c6 4.Nc3 dxc4 5.a4 Na6 6.e4 Bg4 7.Bxc4 e6 8.O-O Be7
9.Be3 O-O 10.Qe2 Nb4 11.Rfd1 Qc8 12.Rac1 Qd8 13.h3 Bh5 14.Bf4 Qa5 15.g4 Bg6
16.Ne5 c5 17.d5 exd5 18.exd5 Bd8 19.h4 h6 20.d6 {#r} 1-0

[Event "Memorial L.Rasmussen"]
[Site "masterchessopen.com – Denmark"]
[Round "7"]
[White "Jakobsen Ole (DEN)"]
[Black "Pedersen Eigil (DEN)"]
[Result "1-0"]
[WhiteElo "2334"]
[BlackElo "2200"]

1.d4 d5 2.Nf3 Nf6 3.c4 c6 4.Nc3 dxc4 5.a4 Na6 6.e4 Bg4 7.Bxc4 e6 8.O-O Nb4
9.Be3 Be7 10.Qb3 a5 11.Ne5 Bh5 12.f4 Nd7 13.Nxd7 Qxd7 14.f5 exf5 15.Rxf5 Bg6
16.Bxf7+ Bxf7 17.Qxf7+ Kd8 18.Qxg7 Kc7 19.Rf7 Rae8 20.Bg5 {#r} 1-0

[Event "It (open)"]
[Site "masterchessopen.com – Mar del Plata (Argentina)"]
[Round "5"]
[White "Najdorf Miguel (POL)"]
[Black "Steinbaum Fernando (ARG)"]
[Result "1-0"]
[WhiteElo "2540"]
[BlackElo "2285"]

1.d4 d5 2.c4 c6 3.Nf3 Nf6 4.Nc3 dxc4 5.a4 Na6 6.e3 Bg4 7.Bxc4 e6 8.h3 Bh5 9.g4
Bg6 10.Ne5 Nb4 11.Nxg6 hxg6 12.Kf1 Be7 13.a5 c5 14.Kg2 cxd4 15.exd4 Qc7
16.Bb5+ Kf8 17.Qf3 Nfd5 18.Bd2 Rd8 19.Rhc1 Qb8 20.Ne4 a6 21.Ba4 Kg8 22.Rc4 Rc8
23.b3 Rxc4 24.bxc4 b5 25.cxd5 exd5 26.Nc5 {#r} 1-0

[Event "Ch Europe (team)"]
[Site "masterchessopen.com – Vienna (Austria)"]
[Round "2"]
[White "Whiteley Andrew J (ENG)"]
[Black "Blau Max (SUI)"]
[Result "0-1"]
[WhiteElo "2310"]
[BlackElo "2370"]

1.d4 d5 2.c4 dxc4 3.Nf3 Nf6 4.Nc3 c6 5.a4 Na6 6.e4 Bg4 7.Bxc4 e6 8.O-O Nb4
9.a5 Be7 10.Be3 Qc8 11.Qb3 O-O 12.Ne5 Bh5 13.Ra4 Na6 14.Bxa6 bxa6 15.Rc4 c5
16.dxc5 Bd8 17.Qa4 Bc7 18.Nc6 Re8 19.f3 Nd7 20.Rd1 Nb8 21.Nxb8 Qxb8 22.h3 Rd8
23.Rxd8+ Qxd8 24.Rd4 Qh4 25.Qc6 Qe1# 0-1

[Event "Ch Slovakia"]
[Site "masterchessopen.com – Hlohovec (Slovakia)"]
[Round "5"]
[White "Sturc Jan (SVK)"]
[Black "Privara Igor (SVK)"]
[Result "1-0"]
[WhiteElo "2031"]
[BlackElo "2264"]

1.d4 d5 2.c4 c6 3.Nf3 Nf6 4.Nc3 dxc4 5.a4 Na6 6.e4 Bg4 7.Bxc4 e6 8.O-O Nb4
9.Be3 Be7 10.Rc1 O-O 11.Be2 Rc8 12.h3 Bh5 13.Ne5 Bxe2 14.Qxe2 c5 15.Rfd1 cxd4
16.Bxd4 Qa5 17.b3 Rfd8 18.Nc4 Qa6 19.Nb5 Nc6 20.Bb2 Ne8 21.Qg4 g6 22.Qf4 Na5
23.Nbd6 Bxd6 24.Nxd6 Rxd6 25.Rxc8 Rxd1+ 26.Kh2 Kf8 27.Qf6 Qd6+ 28.e5 Qd2
29.Qh8+ {#r} 1-0

[Event "It"]
[Site "masterchessopen.com – Hannover (Germany)"]
[Round "6"]
[White "Franke Klaus (GER)"]
[Black "Reefschlaeger Helmut Dr (GER)"]
[Result "0-1"]
[WhiteElo "1910"]
[BlackElo "2248"]

1.d4 d5 2.c4 c6 3.Nc3 Nf6 4.Nf3 dxc4 5.a4 Na6 6.Ne5 Ng4 7.Nxc4 e5 8.Nxe5 Nxe5
9.dxe5 Qxd1+ 10.Kxd1 Be6 11.f4 Nb4 12.e3 Bg4+ 13.Be2 O-O-O+ 14.Bd2 Be6 15.Kc1
Bb3 16.Bg4+ Kb8 17.Bf5 Nd3+ 18.Bxd3 Rxd3 19.Re1 Bb4 20.Re2 Rhd8 21.g3 Bc5
22.h4 h5 23.Ne4 Bb4 24.Nc3 a5 25.Ne4 b5 26.Nd6 bxa4 {#R} 0-1

[Event "It (cat.12)"]
[Site "masterchessopen.com – Novi Sad (Yugoslavia)"]
[Round "0"]
[White "Cebalo Miso (CRO)"]
[Black "Kovacevic Vladimir (SRB)"]
[Result "1-0"]
[WhiteElo "2500"]
[BlackElo "2217"]

1.d4 d5 2.c4 c6 3.Nf3 Nf6 4.Nc3 dxc4 5.a4 Na6 6.e4 Bg4 7.Bxc4 e6 8.Be3 Be7
9.O-O O-O 10.Be2 c5 11.dxc5 Nxc5 12.e5 Nd5 13.Nxd5 Qxd5 14.Rc1 Rfc8 15.h3 Bh5
16.Qxd5 exd5 17.a5 f6 18.exf6 gxf6 19.Rfd1 Bf7 20.Nd4 a6 21.Bg4 Re8 22.Nf5 Nb3
23.Nh6+ Kg7 24.Rc7 {#r} 1-0

[Event "It (open)"]
[Site "masterchessopen.com – Badenweiler (Germany)"]
[Round "9"]
[White "Haag Wolfgang (GER)"]
[Black "Schuler Klaus (GER)"]
[Result "0-1"]
[WhiteElo "2215"]
[BlackElo "2196"]

1.d4 d5 2.c4 c6 3.Nf3 Nf6 4.Nc3 dxc4 5.a4 Na6 6.Ne5 Ng4 7.Nxc4 e5 8.e3 exd4
9.exd4 Nb4 10.Be2 Nf6 11.Bg5 Qxd4 12.Qb3 Bf5 13.Rd1 Qc5 14.Be3 Nc2+ 15.Kf1 Qb4
16.Qa2 Nxe3+ 17.Nxe3 Be6 18.Qb1 Be7 19.h3 O-O 20.g3 Rfd8 21.Kg2 Bb3 22.Rxd8+
Rxd8 23.Qc1 Ne4 24.Nc2 Bxc2 25.Qxc2 Rd2 {#R} 0-1

[Event "It (cat.7)"]
[Site "masterchessopen.com – Budapest (Hungary)"]
[Round "5"]
[White "Szollosi Laszlo Jr (HUN)"]
[Black "Roos Louis (FRA)"]
[Result "1-0"]
[WhiteElo "2271"]
[BlackElo "2353"]

1.Nf3 d5 2.d4 Nf6 3.c4 c6 4.Nc3 dxc4 5.a4 Na6 6.e4 Bg4 7.Bxc4 e6 8.O-O Bxf3
9.Qxf3 Qxd4 10.Bxa6 bxa6 11.Rd1 Qc4 12.Bg5 Qc5 13.e5 Nd5 14.Nxd5 cxd5 15.Rac1
Qa5 16.Rc6 Be7 17.Bxe7 Kxe7 18.Rdc1 Rhf8 19.Qb3 Ke8 20.Rc7 {#r} 1-0

[Event "It (open)"]
[Site "masterchessopen.com – Martigny (Switzerland)"]
[Round "0"]
[White "Barbero Gerardo F (ARG)"]
[Black "Fatzer Ernst (SUI)"]
[Result "1-0"]
[WhiteElo "2460"]
[BlackElo "2039"]

1.d4 d5 2.c4 c6 3.Nf3 Nf6 4.Nc3 dxc4 5.a4 Na6 6.e4 Bg4 7.Bxc4 e6 8.Be3 Nb4
9.a5 b6 10.Qa4 bxa5 11.Ne5 Be7 12.f3 Bh5 13.g4 Bg6 14.h4 h6 15.Bxe6 fxe6
16.Nxg6 Rh7 17.Ke2 Nd7 18.Qb3 Kf7 19.Nf4 Nf8 20.g5 g6 21.h5 Bxg5 22.hxg6+ Nxg6
23.Qxe6+ {#r} 1-0

[Event "?"]
[Site "masterchessopen.com – Hungary"]
[Round "0"]
[White "Orgovan Sandor (HUN)"]
[Black "Doppelhammer Herbert (AUT)"]
[Result "1-0"]
[WhiteElo "2225"]
[BlackElo "2053"]

1.d4 d5 2.Nf3 Nf6 3.c4 c6 4.Nc3 dxc4 5.a4 Na6 6.e3 Bg4 7.Bxc4 e6 8.h3 Bh5
9.O-O Nb4 10.Qe2 Be7 11.Rd1 a5 12.g4 Bg6 13.e4 Nd7 14.Bf4 Nb6 15.Bb3 O-O
16.Bg3 Bd6 17.Ne5 Qe7 18.Qe3 Nd7 19.Rd2 Rfd8 20.Rad1 Nxe5 21.dxe5 Bc7 22.f4 f6
23.f5 Bf7 24.exf6 gxf6 25.fxe6 {#r} 1-0

[Event "Cup European Club (play-off)"]
[Site "masterchessopen.com – Germany"]
[Round "0"]
[White "Schlosser Philipp (GER)"]
[Black "Reefschlaeger Helmut Dr (GER)"]
[Result "1-0"]
[WhiteElo "2591"]
[BlackElo "2248"]

1.d4 d5 2.c4 c6 3.Nf3 Nf6 4.Nc3 dxc4 5.a4 Na6 6.e4 Bg4 7.Bxc4 e6 8.O-O Nb4
9.Be3 Be7 10.h3 Bh5 11.Qe2 O-O 12.Rad1 Kh8 13.g4 Bg6 14.Bf4 Qa5 15.Ne5 Ng8
16.h4 Bxh4 17.Kg2 Ne7 18.Nf3 Bf6 19.g5 Bh5 20.gxf6 gxf6 21.Rh1 Rg8+ 22.Bg3 Ng6
23.Qe3 Bxf3+ 24.Kxf3 Rad8 25.Rxh7+ {#r} 1-0

[Event "It (open)"]
[Site "masterchessopen.com – Novi Sad (Yugoslavia)"]
[Round "7"]
[White "Gazarek Danko (CRO)"]
[Black "Solak Zdravko (SRB)"]
[Result "1-0"]
[WhiteElo "2304"]
[BlackElo "2205"]

1.d4 d5 2.Nf3 c6 3.c4 Nf6 4.Nc3 dxc4 5.a4 Na6 6.e4 Bg4 7.Bxc4 e6 8.Be3 Bb4
9.Qd3 Bxf3 10.gxf3 Qa5 11.Ke2 Rd8 12.Rhg1 Bf8 13.Rg5 Qb4 14.b3 h6 15.Rgg1 Qa5
16.Bxa6 bxa6 17.Qc4 Rc8 18.Rab1 Qb6 19.d5 c5 20.b4 exd5 21.Nxd5 Nxd5 22.Qxd5
Qd6 23.bxc5 Qf6 24.Rgd1 Qc6 25.Qxc6+ Rxc6 26.Rb8+ Ke7 27.Rdd8 g5 28.Re8+ {#r}
1-0

[Event "Ch Club"]
[Site "masterchessopen.com – Helsinki (Finland)"]
[Round "0"]
[White "Ornstein Axel (SWE)"]
[Black "Salo Heikki (FIN)"]
[Result "1-0"]
[WhiteElo "2413"]
[BlackElo "2229"]

1.d4 d5 2.c4 c6 3.Nc3 Nf6 4.Nf3 dxc4 5.a4 Na6 6.e4 Bg4 7.Bxc4 e6 8.O-O Nb4
9.Be3 Be7 10.h3 Bxf3 11.Qxf3 Nc2 12.Rad1 Nxe3 13.fxe3 O-O 14.Rf2 Qc7 15.Rdf1
a6 16.Bd3 g6 17.e5 Nh5 18.Ne4 f5 19.exf6 Nxf6 20.Ng5 Qd6 21.Qd1 Qd5 22.Nf3 Ne4
23.Bxe4 Qxe4 24.Qb3 b5 25.Ne5 Qd5 26.Qc2 c5 27.Nxg6 hxg6 28.Qxg6+ Kh8 {#r} 1-0

[Event "It "]
[Site "masterchessopen.com – Xanthi (Greece)"]
[Round "3"]
[White "Skembris Spyridon (GRE)"]
[Black "Velikov Petar (BUL)"]
[Result "1-0"]
[WhiteElo "2463"]
[BlackElo "2485"]

1.d4 d5 2.Nf3 Nf6 3.c4 c6 4.Nc3 dxc4 5.a4 Na6 6.e3 Bg4 7.Bxc4 e6 8.h3 Bh5
9.Qe2 Nb4 10.g4 Bg6 11.e4 Be7 12.h4 h5 13.g5 Nd7 14.Be3 Qc7 15.O-O O-O 16.Ne5
Nxe5 17.dxe5 Qxe5 18.f4 Qa5 19.Rf2 Bc5 20.Raf1 Bxe3 21.Qxe3 Qb6 22.Qxb6 axb6
23.f5 Bh7 24.g6 fxg6 25.fxe6 {#r} 1-0

[Event "It (open)"]
[Site "masterchessopen.com – Andorra"]
[Round "0"]
[White "Komljenovic Davor (CRO)"]
[Black "Summerscale Aaron (ENG)"]
[Result "1-0"]
[WhiteElo "2451"]
[BlackElo "2422"]

1.d4 c6 2.c4 d5 3.Nc3 Nf6 4.Nf3 dxc4 5.a4 Na6 6.e4 Bg4 7.Bxc4 e6 8.Be3 Nb4
9.a5 Be7 10.Qb3 Bxf3 11.gxf3 b6 12.O-O O-O 13.Rfd1 Qc7 14.Bf1 Nd7 15.f4 g6
16.a6 Rfd8 17.Na2 Nxa2 18.Qxa2 Rac8 19.Rac1 Qb8 20.e5 Rc7 21.Bg2 Qc8 {#r} 1-0

[Event "It (open)"]
[Site "masterchessopen.com – Kavala (Greece)"]
[Round "0"]
[White "Triantafillidis Alexandros"]
[Black "Mangrjan Meri A"]
[Result "0-1"]
[WhiteElo "2245"]
[BlackElo "2005"]

1.d4 d5 2.c4 c6 3.Nf3 Nf6 4.Nc3 dxc4 5.a4 Na6 6.e3 Bg4 7.Bxc4 e6 8.h3 Bh5
9.O-O Be7 10.Qe2 Nb4 11.a5 O-O 12.Rd1 Qc7 13.Bd2 Rad8 14.g4 Bg6 15.Ne5 Rfe8
16.Nxg6 hxg6 17.Ra4 e5 18.Nb1 Nfd5 19.e4 Nf4 20.Bxf4 exf4 21.Nc3 b5 22.axb6
Qxb6 23.d5 Bf6 24.Qf3 Be5 25.dxc6 Nxc6 26.Rxd8 Rxd8 27.Nd5 Qxb2 28.Nxf4 Qc1+
{#R} 0-1

[Event "Ch Helsinki"]
[Site "masterchessopen.com – Helsinki (Finland)"]
[Round "0"]
[White "Kanko Ilkka (FIN)"]
[Black "Koskinen Henri (FIN)"]
[Result "1-0"]
[WhiteElo "2231"]
[BlackElo "2265"]

1.d4 d5 2.c4 c6 3.Nf3 Nf6 4.Nc3 dxc4 5.a4 Na6 6.e3 Bg4 7.Bxc4 e6 8.h3 Bh5
9.O-O Nb4 10.Qe2 Be7 11.Rd1 O-O 12.g4 Bg6 13.e4 c5 14.Bf4 cxd4 15.Nxd4 Qa5
16.Nb3 Qb6 17.a5 Qc6 18.Bb5 Qc8 19.Rac1 Nc6 20.a6 e5 21.Nd5 Nxd5 22.exd5 Bf6
23.axb7 Qxb7 24.dxc6 {#r} 1-0

[Event "Memorial V.Syre (open)"]
[Site "masterchessopen.com – Issy Les Moulineaux (France)"]
[Round "3"]
[White "Scoatarin Jean (FRA)"]
[Black "Jallageas JP"]
[Result "1-0"]
[WhiteElo "2027"]
[BlackElo "1690"]

1.d4 d5 2.c4 c6 3.Nf3 Nf6 4.Nc3 dxc4 5.a4 Na6 6.e4 Bg4 7.Be3 e6 8.Bxc4 Bb4
9.Bd3 O-O 10.O-O Qa5 11.e5 Bxf3 12.Qxf3 Nd7 13.Qh3 f5 14.exf6 Nxf6 15.Ne4 Qf5
16.Nxf6+ Qxf6 17.Qxh7+ Kf7 18.Qh5+ g6 19.Qh7+ Qg7 20.Bxg6+ {#r} 1-0

[Event "Ch Ontario (open)"]
[Site "masterchessopen.com – Ontario (Canada)"]
[Round "5"]
[White "Schleifer Michael (CAN)"]
[Black "Filipovich David (CAN)"]
[Result "1-0"]
[WhiteElo "2339"]
[BlackElo "2100"]

1.d4 Nf6 2.c4 c6 3.Nc3 d5 4.Nf3 dxc4 5.a4 Na6 6.e3 Bg4 7.Bxc4 e6 8.h3 Bh5
9.O-O Nb4 10.e4 Bxf3 11.gxf3 Be7 12.Be3 O-O 13.a5 Qc7 14.f4 c5 15.e5 cxd4
16.exf6 Bxf6 17.Qb3 Nc6 18.Nb5 Qd8 19.Bd2 a6 20.Na3 Nxa5 21.Qf3 Rc8 22.Bd3 Nb3
23.Bxh7+ Kxh7 24.Qxb3 Rc5 25.Bb4 {#r} 1-0

[Event "Slovak League 1993/94"]
[Site "masterchessopen.com – Slovakia"]
[Round "4"]
[White "Cervenka Imrich (SVK)"]
[Black "Horvath Mario (SVK)"]
[Result "0-1"]
[WhiteElo "2190"]
[BlackElo "2316"]

1.d4 d5 2.c4 c6 3.Nf3 Nf6 4.Nc3 dxc4 5.a4 Na6 6.e3 Bg4 7.Bxc4 e6 8.h3 Bh5
9.O-O Bb4 10.Qe2 Nc7 11.Rd1 Ncd5 12.Bd2 Bxc3 13.Bxc3 Nxc3 14.bxc3 Qa5 15.Rdc1
O-O 16.Qb2 Bxf3 17.gxf3 Rab8 18.f4 Rfc8 19.Be2 Qd5 20.Bf1 c5 21.Bg2 Qd7 22.a5
g6 23.Rcb1 cxd4 24.cxd4 Rc7 25.Qb5 Rc1+ {#R} 0-1

[Event "It (open)"]
[Site "masterchessopen.com – Oberlinghaus (Germany)"]
[Round "0"]
[White "Tuschinske Matthias (GER)"]
[Black "Forchert Martin (GER)"]
[Result "0-1"]
[WhiteElo "2114"]
[BlackElo "2325"]

1.d4 d5 2.c4 c6 3.Nf3 Nf6 4.Nc3 dxc4 5.a4 Na6 6.e4 Bg4 7.Bxc4 e6 8.Be3 Nb4
9.O-O Be7 10.Be2 O-O 11.Rc1 Qa5 12.h3 Bh5 13.g4 Bg6 14.Ne5 Rfd8 15.h4 c5 16.h5
cxd4 17.Bxd4 Bxe4 18.g5 Nc6 {#R} 0-1

[Event "It (open)"]
[Site "masterchessopen.com – Sarospatak (Hungary)"]
[Round "0"]
[White "Papagorasz Takisz (HUN)"]
[Black "Ackermann Emil"]
[Result "1-0"]
[WhiteElo "2171"]
[BlackElo "1579"]

1.d4 d5 2.c4 c6 3.Nf3 Nf6 4.Nc3 dxc4 5.a4 Na6 6.e4 Bg4 7.Bxc4 e6 8.Be3 Bb4
9.Qc2 Bxf3 10.gxf3 O-O 11.Rg1 Qc7 12.e5 Ne8 13.Qe4 g6 14.h4 Ng7 15.h5 Nxh5
16.Bg5 Rfe8 17.Qh4 Ng7 18.Bd3 h5 19.Bf6 Kh7 20.Bxg7 Kxg7 21.Qf6+ Kh7 22.Bxg6+
fxg6 {#r} 1-0

[Event "It (open)"]
[Site "masterchessopen.com – Ano Liosia (Greece)"]
[Round "0"]
[White "Anagnostopoulos Dimitri (GRE)"]
[Black "Konstantinou Alexandros (GRE)"]
[Result "1-0"]
[WhiteElo "2450"]
[BlackElo "2182"]

1.d4 d5 2.c4 c6 3.Nf3 Nf6 4.Nc3 dxc4 5.a4 Na6 6.e4 Bg4 7.Be3 e6 8.Bxc4 Bb4
9.Bxa6 bxa6 10.Qb3 Rb8 11.Qc4 Qb6 12.Ne5 Rc8 13.f3 Bh5 14.g4 Bg6 15.h4 O-O
16.h5 Bxe4 17.fxe4 Nxe4 18.O-O Bxc3 19.bxc3 Qd8 20.Rf4 Ng5 21.Kh2 Rb8 22.Raf1
Rb2+ 23.R1f2 Rxf2+ 24.Bxf2 f6 25.Bh4 fxe5 26.Bxg5 Qd6 27.Rxf8+ Kxf8 28.Qc5
Qxc5 29.dxc5 Kf7 30.Kg3 g6 {#r} 1-0

[Event "It (active)"]
[Site "masterchessopen.com – Eupen (Belgium)"]
[Round "5"]
[White "Srokowski Jaroslav (UKR)"]
[Black "Petzold Klaus (GER)"]
[Result "0-1"]
[WhiteElo "2435"]
[BlackElo "2202"]

1.d4 d5 2.c4 c6 3.Nf3 Nf6 4.Nc3 dxc4 5.a4 Na6 6.e3 Bg4 7.Bxc4 e6 8.Bxa6 bxa6
9.Qd3 Bxf3 10.gxf3 Qa5 11.Bd2 Bb4 12.Ne4 Nxe4 13.fxe4 Rb8 14.Bc3 O-O 15.O-O
Bxc3 16.bxc3 Rb3 17.Rfb1 Rfb8 18.c4 R3b4 19.c5 g6 20.Rxb4 Rxb4 21.Qc2 Qc7
22.Rd1 h5 23.Qc3 Qa5 24.Qd3 Qxa4 25.d5 {#R} 0-1

[Event "Bundesliga (2nd) South 1994/95"]
[Site "masterchessopen.com – Germany"]
[Round "0"]
[White "Braun Christian (GER)"]
[Black "Mudelsee Manfred (GER)"]
[Result "1-0"]
[WhiteElo "2392"]
[BlackElo "2297"]

1.d4 d5 2.c4 c6 3.Nf3 Nf6 4.Nc3 dxc4 5.a4 Na6 6.e3 Bg4 7.Bxc4 e6 8.O-O Nb4
9.Qe2 a5 10.Rd1 Be7 11.e4 Bxf3 12.gxf3 Qc7 13.f4 O-O 14.Be3 Rac8 15.Rac1 Rfd8
16.Qf3 c5 17.Nb5 Qb6 18.f5 exf5 19.Qxf5 g6 20.Qf3 Rf8 21.dxc5 Rxc5 22.e5 Qc6
23.Qxc6 Rxc6 24.exf6 Bxf6 25.Bh6 Bxb2 26.Bxf8 Bxc1 27.Rd8 Bg5 28.Re8 h5
29.Bxb4+ Kg7 30.Bc3+ Bf6 {#r} 1-0

[Event "Zt"]
[Site "masterchessopen.com – Madras (India)"]
[Round "9"]
[White "Amarawickrama Himan Udama (SRI)"]
[Black "Safai Pejman (IRI)"]
[Result "1-0"]
[WhiteElo "2173"]
[BlackElo "2245"]

1.d4 d5 2.c4 c6 3.Nf3 Nf6 4.Nc3 dxc4 5.a4 Na6 6.e4 Bg4 7.Bxc4 e6 8.O-O Be7
9.Be3 Nb4 10.Qb3 Bxf3 11.gxf3 Qa5 12.Kh1 Qh5 13.Be2 g5 14.Rg1 Rg8 15.Rg2 a5
16.Rag1 Nd7 17.f4 Qg6 18.Rxg5 {#r} 1-0

[Event "Ch World (juniors)"]
[Site "masterchessopen.com – Sao Lourenco (Brazil)"]
[Round "8"]
[White "Sebenik Matej (SLO)"]
[Black "Boissonnier Kimo (FRA)"]
[Result "1-0"]
[WhiteElo "2529"]
[BlackElo "2030"]

1.d4 d5 2.c4 c6 3.Nc3 Nf6 4.Nf3 dxc4 5.a4 Na6 6.e4 Bg4 7.Bxc4 Bxf3 8.gxf3 e6
9.O-O Nb4 10.Kh1 Qd7 11.Bf4 Be7 12.Rc1 Rd8 13.Be3 O-O 14.Rg1 c5 15.dxc5 Qc8
16.Qf1 Rd7 17.e5 Nh5 18.Qh3 Bxc5 19.Qxh5 Bxe3 20.fxe3 Qxc4 21.Ne4 Qxe4 22.fxe4
Nd3 23.Rxg7+ Kxg7 24.Rg1+ Kh8 25.Qh6 Rg8 26.Qf6+ {#r} 1-0

[Event "Ch Slovakia"]
[Site "masterchessopen.com – Martin (Slovakia)"]
[Round "1"]
[White "Galvanek Ladislav (SVK)"]
[Black "Horvath Maria (AUT)"]
[Result "0-1"]
[WhiteElo "1987"]
[BlackElo "2040"]

1.d4 d5 2.c4 c6 3.Nf3 Nf6 4.Nc3 dxc4 5.a4 Na6 6.Ne5 Ng4 7.Nxc4 e5 8.Nxe5 Nxe5
9.dxe5 Qxd1+ 10.Kxd1 Be6 11.e4 O-O-O+ 12.Ke2 Be7 13.Kf3 Nc5 14.Be3 Bb3 15.g3
Kb8 16.a5 Ne6 17.a6 b6 18.Kg2 Bc5 19.Bxc5 Nxc5 20.Ra3 Rhf8 21.Be2 Rd2 22.Bd1
Rxb2 23.Bxb3 Rxb3 24.Rxb3 Nxb3 25.Rd1 Kc7 26.Rd6 Rd8 27.Na4 b5 28.Nb6 Rxd6
29.Na8+ Kb8 30.Nb6 axb6 {#R} 0-1

[Event "Olympiad (w)"]
[Site "masterchessopen.com – Yerevan (Armenia)"]
[Round "11"]
[White "Saljova Silvie (CZE)"]
[Black "Le Thi Phuong Lien (VIE)"]
[Result "1-0"]
[WhiteElo "2142"]
[BlackElo "2169"]

1.d4 d5 2.Nf3 Nf6 3.c4 c6 4.Nc3 dxc4 5.a4 Na6 6.e3 Bg4 7.Bxc4 e6 8.Qe2 Nb4
9.O-O a5 10.Rd1 Be7 11.e4 Bxf3 12.gxf3 Nh5 13.f4 g6 14.d5 Qc7 15.dxe6 Nxf4
16.exf7+ Kf8 17.Qg4 g5 18.Rd7 Qe5 19.Bxf4 Qxf4 20.Qxf4 gxf4 21.Kh1 Bf6 22.Rg1
Bg7 23.e5 {#r} 1-0

[Event "It (open) (b)"]
[Site "masterchessopen.com – Zaragoza (Spain)"]
[Round "0"]
[White "Asensio Soto Fermin (ESP)"]
[Black "Alonso Rene (CUB)"]
[Result "1-0"]
[WhiteElo "2123"]
[BlackElo "2365"]

1.d4 d5 2.Nf3 Nf6 3.c4 c6 4.Nc3 dxc4 5.a4 Na6 6.e4 Bg4 7.Bxc4 e6 8.O-O Nb4
9.d5 exd5 10.exd5 Nfxd5 11.Nxd5 Nxd5 12.Re1+ Be7 13.Qd4 Nf6 14.Qe5 Bxf3
15.gxf3 Kf8 16.Bg5 Qd6 17.Qe3 Qc5 18.Bxf6 gxf6 19.Qh6+ Ke8 20.Qxf6 Rg8+ 21.Kh1
Rf8 22.Re5 {#r} 1-0

[Event "It (open)"]
[Site "masterchessopen.com – Edinburgh (Scotland)"]
[Round "2"]
[White "Winning Graham (SCO)"]
[Black "Aird Ian (SCO)"]
[Result "0-1"]
[WhiteElo "2080"]
[BlackElo "2000"]

1.d4 d5 2.c4 c6 3.Nf3 Nf6 4.Nc3 dxc4 5.a4 Na6 6.e4 Bg4 7.Be3 e6 8.Bxc4 Bb4
9.Qc2 Bxf3 10.gxf3 O-O 11.Rd1 Re8 12.Bg5 Qa5 13.Bxf6 gxf6 14.O-O Qh5 15.Be2
Qh4 16.e5 f5 17.Bxa6 bxa6 18.Ne2 Kh8 19.Qc1 Rg8+ 20.Kh1 Qh3 21.Ng3 Rg6 22.Rg1
Rag8 23.Qf4 Be7 24.Ne2 Rg2 25.Rdf1 Bg5 26.Rxg2 Bxf4 27.Nxf4 Qxf3 28.Rg1 Rb8
{#R} 0-1

[Event "Bayern Landesliga South"]
[Site "masterchessopen.com – Germany"]
[Round "7"]
[White "Wuerdinger Alexander (GER)"]
[Black "Steinberg Sven (GER)"]
[Result "1-0"]
[WhiteElo "2124"]
[BlackElo "2204"]

1.d4 d5 2.c4 c6 3.Nf3 Nf6 4.Nc3 dxc4 5.a4 Na6 6.e4 Bg4 7.Bxc4 e6 8.Bxa6 bxa6
9.Be3 Qa5 10.O-O Bb4 11.e5 Nd5 12.Ne4 Nxe3 13.fxe3 Qd5 14.Nc3 Qd8 15.Rc1 c5
16.Na2 Qb6 17.Nxb4 cxb4 18.Rc5 O-O 19.Qc2 b3 20.Qf2 Bf5 21.Nd2 Qb4 22.Rc4 Qb7
23.Rfc1 Bc2 24.Qf3 Qxf3 25.gxf3 Rac8 26.Rxc8 Rxc8 27.Nxb3 Rc6 28.d5 {#r} 1-0

[Event "Ch Europe (juniors) (under 20)"]
[Site "masterchessopen.com – Tallinn (Estonia)"]
[Round "8"]
[White "Belozerov Andrei (RUS)"]
[Black "Johansen Terje (NOR)"]
[Result "1-0"]
[WhiteElo "2450"]
[BlackElo "2210"]

1.d4 d5 2.c4 c6 3.Nc3 Nf6 4.Nf3 dxc4 5.a4 Na6 6.e4 Bg4 7.Bxc4 Bxf3 8.gxf3 e6
9.Be3 Nb4 10.Qb3 Qa5 11.Rg1 O-O-O 12.Rg5 b5 13.Be2 h6 14.Rg1 a6 15.Kf1 Qc7
16.axb5 cxb5 17.Rc1 Kb8 18.Nxb5 Qxh2 19.Nc7 Qh3+ 20.Ke1 Qh2 21.Nxa6+ Ka8
22.Nxb4 {#r} 1-0

[Event "It (open)"]
[Site "masterchessopen.com – Vienna (Austria)"]
[Round "0"]
[White "Wells Peter K (ENG)"]
[Black "Forchert Martin (GER)"]
[Result "1-0"]
[WhiteElo "2515"]
[BlackElo "2310"]

1.d4 d5 2.c4 c6 3.Nf3 Nf6 4.Nc3 dxc4 5.a4 Na6 6.e3 Bg4 7.Bxc4 e6 8.h3 Bh5
9.O-O Nb4 10.Qe2 Be7 11.g4 Bg6 12.e4 O-O 13.Bf4 Nd7 14.Rad1 Re8 15.Kg2 Rc8
16.Bg3 a6 17.Ne5 b5 18.Bb3 Nf8 19.f4 f6 20.Nxg6 hxg6 21.f5 Bd6 22.Bxd6 Qxd6
23.e5 fxe5 24.f6 Red8 25.Ne4 Qc7 26.Qe1 {#r} 1-0

[Event "It (open)"]
[Site "masterchessopen.com – Bad Wiessee (Germany)"]
[Round "9"]
[White "Rustemov Alexander (RUS)"]
[Black "Forchert Martin (GER)"]
[Result "1-0"]
[WhiteElo "2573"]
[BlackElo "2319"]

1.d4 d5 2.c4 c6 3.Nf3 Nf6 4.Nc3 dxc4 5.a4 Na6 6.e4 Bg4 7.Bxc4 Bxf3 8.gxf3 e6
9.Be3 Be7 10.O-O Nb4 11.Kh1 O-O 12.Rg1 c5 13.dxc5 Qxd1 14.Raxd1 Rfc8 15.e5 Ne8
16.Ne4 Nc2 17.Bb5 Nxe3 18.fxe3 f5 19.Nd6 {#r} 1-0